|
|
|
|
| LEADER |
00000cam a2200000 7i4500 |
| 001 |
0000026271 |
| 005 |
20160330.0 |
| 008 |
090504 |
| 020 |
|
|
|a 0385733518
|
| 090 |
0 |
0 |
|a MAY
|b ENG
|
| 100 |
1 |
|
|a Mayer, Melody
|
| 245 |
1 |
0 |
|a Have to have it
|c Melody Mayer
|
| 260 |
|
|
|a New York :
|b Delacorte Press Publishers ,
|c 2006
|
| 500 |
|
|
|a Teenager ages 13-18 years old (blue)
|
| 650 |
|
0 |
|a Beverly Hills (Calif)
|x fiction
|
| 650 |
|
0 |
|a Friendship
|x fiction
|
| 650 |
|
0 |
|a Interpersonal relations
|x fiction
|
| 650 |
|
0 |
|a Nannies
|x fiction
|
| 999 |
|
|
|a 0001041559
|b Book
|c Teenagers
|e Perbadanan Perpustakaan Awam Johor
|
| 999 |
|
|
|a 0001041562
|b Book
|c Teenagers
|e Perbadanan Perpustakaan Awam Johor
|